000 01624nam a2200361Ia 4500
001 ebr10227146
003 CaPaEBR
006 m u
007 cr cn|||||||||
008 890130s1992 bccab sb 001 0 eng d
020 _z9780774804097
020 _z9780774856584
020 _z0774804092
040 _aCaPaEBR
_cCaPaEBR
035 _a(OCoLC)614509012
050 1 4 _aDU890
_b.B37 1992eb
100 1 _aBarratt, Glynn.
245 1 0 _aRussia and the South Pacific, 1696-1840.
_nVolume 4,
_pTuamotu Islands and Tahiti
_h[electronic resource] /
_cGlynn Barratt.
260 _aVancouver :
_bUBC Press,
_c1992.
300 _a298 p. :
_bill., maps, tables.
490 1 _aUniversity of British Columbia Press Pacific maritime studies series ;
_v10
504 _aIncludes bibliographies and indexes.
533 _aElectronic reproduction.
_bPalo Alto, Calif. :
_cebrary,
_d2013.
_nAvailable via World Wide Web.
_nAccess may be limited to ebrary affiliated libraries.
650 0 _aScientific expeditions
_zFrench Polynesia
_zTuamotu Archipelago
_xHistory.
650 0 _aScientific expeditions
_zFrench Polynesia
_zTahiti
_xHistory.
651 0 _aIles Tuamotu et Gambier (French Polynesia)
_xDiscovery and exploration
_xRussian.
651 0 _aTahiti (French Polynesia : Island)
_xDiscovery and exploration
_xRussian.
651 0 _aSoviet Union
_xHistory, Naval.
655 7 _aElectronic books.
_2local
710 2 _aebrary, Inc.
830 0 _aPacific maritime studies series ;
_v10.
856 4 0 _uhttp://site.ebrary.com/lib/rucke/Doc?id=10227146
_zAn electronic book accessible through the World Wide Web; click to view
999 _c27737
_d27737